Essential guide to qualitative methods in organizational research / (Record no. 1633)

000 -LEADER
fixed length control field 01516cam a2200373 a 4500
001 - CONTROL NUMBER
control field 13636258
003 - CONTROL NUMBER IDENTIFIER
control field OSt
005 - DATE AND TIME OF LATEST TRANSACTION
control field 20150417092310.0
008 - FIXED-LENGTH DATA ELEMENTS--GENERAL INFORMATION
fixed length control field 040625s2004 enka b 001 0 eng d
010 ## - LIBRARY OF CONGRESS CONTROL NUMBER
LC control number 2004300969
Canceled/invalid LC control number 2003115424
015 ## - NATIONAL BIBLIOGRAPHY NUMBER
National bibliography number GB A4-Z3012
020 ## - INTERNATIONAL STANDARD BOOK NUMBER
International Standard Book Number 0761948872
020 ## - INTERNATIONAL STANDARD BOOK NUMBER
International Standard Book Number 0761948880 (pbk.)
035 ## - SYSTEM CONTROL NUMBER
System control number (OCoLC)ocm55234455
040 ## - CATALOGING SOURCE
Original cataloging agency EQO
Transcribing agency EQO
Modifying agency UOH
-- DLC
042 ## - AUTHENTICATION CODE
Authentication code lccopycat
050 00 - LIBRARY OF CONGRESS CALL NUMBER
Classification number HM786.E87 2004
082 04 - DEWEY DECIMAL CLASSIFICATION NUMBER
Classification number 302.35072
Edition number 21
245 00 - TITLE STATEMENT
Title Essential guide to qualitative methods in organizational research /
Statement of responsibility, etc edited by Catherine Cassell and Gillian Symon.
260 ## - PUBLICATION, DISTRIBUTION, ETC. (IMPRINT)
Place of publication, distribution, etc London ;
-- Thousand Oaks :
Name of publisher, distributor, etc SAGE Publications,
Date of publication, distribution, etc 2004.
300 ## - PHYSICAL DESCRIPTION
Extent xviii, 388 p. :
Other physical details ill. ;
Dimensions 25 cm.
500 ## - GENERAL NOTE
General note A third volume which complements their previous 1994 and 1998 publications.
504 ## - BIBLIOGRAPHY, ETC. NOTE
Bibliography, etc Includes bibliographical references and index.
650 #0 - SUBJECT ADDED ENTRY--TOPICAL TERM
Topical term or geographic name as entry element Organizational sociology
General subdivision Research.
650 #0 - SUBJECT ADDED ENTRY--TOPICAL TERM
Topical term or geographic name as entry element Organizational behavior
General subdivision Research.
650 #0 - SUBJECT ADDED ENTRY--TOPICAL TERM
Topical term or geographic name as entry element Qualitative research.
700 1# - ADDED ENTRY--PERSONAL NAME
Personal name Cassell, Catherine.
700 1# - ADDED ENTRY--PERSONAL NAME
Personal name Symon, Gillian.
856 42 - ELECTRONIC LOCATION AND ACCESS
Materials specified Publisher description
Uniform Resource Identifier <a href="http://www.loc.gov/catdir/enhancements/fy0657/2004300969-d.html">http://www.loc.gov/catdir/enhancements/fy0657/2004300969-d.html</a>
856 41 - ELECTRONIC LOCATION AND ACCESS
Materials specified Table of contents only
Uniform Resource Identifier <a href="http://www.loc.gov/catdir/enhancements/fy0657/2004300969-t.html">http://www.loc.gov/catdir/enhancements/fy0657/2004300969-t.html</a>
906 ## - LOCAL DATA ELEMENT F, LDF (RLIN)
a 7
b cbc
c copycat
d 2
e ncip
f 20
g y-gencatlg
942 ## - ADDED ENTRY ELEMENTS (KOHA)
Source of classification or shelving scheme
Koha item type Book
Holdings
Withdrawn status Lost status Source of classification or shelving scheme Damaged status Not for loan Home library Current library Shelving location Date acquired Total Checkouts Full call number Barcode Date last seen Date checked out Copy number Price effective from Koha item type
          Riara University Library Riara University Library General stack 17/04/2015 1 HM786.E87 2004 5626/15 22/04/2015 22/04/2015 C. 1 17/04/2015 Book

Riara University Library,
P.O. Box 49940-00100,
Nairobi, Kenya.